000 01009nmm a2200373 a 4500
003 AR-BaBNM
005 20251128202914.0
008 116019s1982 ||||||||||||||000 | spa||
020 _a950-077-039-3
040 _cAR-BaBNM
100 1 _aLuna, Félix
245 1 0 _aYrigoyen
250 _a2ª ed.
260 _aBuenos Aires
_bEditorial de Belgrano
_bSudamericana
_c1982
300 0 _a446 p.
600 1 4 _aAlem, Leandro N.
600 0 4 _aSáenz Peña
600 0 4 _aJuárez Celman
600 1 4 _aAlvear, Marcelo Torcuato de
_d1868-1942
600 1 4 _aYrigoyen, Hipólito
_d1852-1933
610 2 4 _aUnión Cívica Radical [Argentina]
650 4 _aHISTORIA POLITICA ARGENTINA
650 4 _aBIOGRAFIAS
650 4 _aREVOLUCION DE 1890
650 4 _aSEMANA TRAGICA
650 4 _aPATAGONIA TRAGICA
650 4 _aCRISIS ECONOMICA
651 4 _aArgentina
653 0 _aLEY DE SUFRAGIO UNIVERSAL
653 0 _aGOLPE DE ESTADO 1930
655 _aBIOGRAFIAS
942 _cBK
998 _cEnrique
999 _c1140
_d1140